| 000 | 00688nam a22002057a 4500 | ||
|---|---|---|---|
| 999 |
_c9069 _d9069 |
||
| 003 | AR-CdUCM | ||
| 008 | 190327b ||||| |||| 00| 0 spa d | ||
| 040 |
_aMUNICIPALIDAD PROVINCIAL DEL CUSCO _cBIBLIOTECA MUNICIPAL DEL CUSCO |
||
| 082 |
_a498.51 / _bR64 |
||
| 100 |
_aRíos, Jorge _923165 |
||
| 245 |
_aQueswa simi : _bterminologías y designaciones lingüísticas en la historia nacional andina / |
||
| 260 |
_aCusco : _bWaman Puma, _c2006. |
||
| 300 |
_a122 páginas ; _c21 cm. |
||
| 505 | _aEl proceso formativo del Qheswa simi --Terminologías. | ||
| 650 |
_aQuechua _92063 |
||
| 650 |
_aTerminología _97091 |
||
| 650 |
_aLinguistica _91640 |
||
| 942 |
_2ddc _cLIBROS |
||
| 945 | _aacv | ||